00510 2200181 4500245003700000020002200037250001100059100001500070700002000085650002000105650001000125005001900135260005700154041001400211084000800225300008600233336000900319 aBinar MahamerucAnn ArifahhText a978-623-118-645-4 aCet. 1 aAnn Arifah aMutiara Adriane aFiksi Indonesia aEbook a20240902091234 aJakartabKementerian Pendidikan dan Kebudayaanc2023 aIndonesia a813 aIBM Plex serif 11/18 pt., IBM, Open Font License. vii :c352 hlm., 14,8 x 21 cm. atext